Contenidos de materia orgánica : relación con la fertilidad del suelo en siembra directa /
Enregistré dans:
| Auteur principal: | |
|---|---|
| Format: | Électronique eBook |
| Langue: | espagnol |
| Publié: |
Villa María, Córdoba, Argentina :
EDUVIM, Editorial Universitaria Villa María,
2011.
|
| Collection: | Todo agro (Universidad Nacional de Villa María) ;
3. |
| Sujets: | |
| Accès en ligne: | Digitalia Hispánica |
| Tags: |
Ajouter un tag
Pas de tags, Soyez le premier à ajouter un tag!
|
MARC
| LEADER | 00000nam a2200000Ii 4500 | ||
|---|---|---|---|
| 001 | DIGEDUV0104 | ||
| 003 | NyNyDIG | ||
| 006 | m o d | ||
| 007 | cr ||||||||||| | ||
| 008 | 140401s2011 ag ob 000 0 spa d | ||
| 020 | |z 9871727666 | ||
| 020 | |z 9789871727667 | ||
| 035 | |a (OCoLC)847722197 | ||
| 040 | |a DGITA |b eng |e pn |c DGITA | ||
| 050 | 1 | 4 | |a SB193 eBook |
| 100 | 1 | |a Ghisolfi, Esteban. | |
| 245 | 1 | 0 | |a Contenidos de materia orgánica : |b relación con la fertilidad del suelo en siembra directa / |c Esteban Ghisolfi. |
| 264 | 1 | |a Villa María, Córdoba, Argentina : |b EDUVIM, Editorial Universitaria Villa María, |c 2011. | |
| 300 | |a 1 online resource (84 pages) | ||
| 336 | |a text |b txt |2 rdacontent | ||
| 337 | |a computer |b c |2 rdamedia | ||
| 338 | |a online resource |b cr |2 rdacarrier | ||
| 490 | 1 | |a Todo agro ; |v 3. | |
| 650 | 0 | |a Forage plants. | |
| 655 | 0 | |a Electronic books. | |
| 791 | 2 | |a Digitalia (Firm), |e distributor. | |
| 830 | 0 | |a Todo agro (Universidad Nacional de Villa María) ; |v 3. | |
| 793 | 0 | |g Digitalia eBook Collection: |a Ediciones Eduvim | |
| 856 | 4 | 0 | |3 Digitalia Hispánica |u https://digitalia.unach.elogim.com/a/14525/ |
| 910 | |a Premium Collection: 2007-2012 | ||